Statistics for U.S. Cities With The Warmest Winter Days

Click here to take the quiz!

General Stats

  • This quiz has been taken 148 times
  • The average score is 13 of 21

Answer Stats

HintAnswer% Correct
76Miami
96%
67Phoenix
96%
64Houston
94%
72Orlando
93%
71Tampa
92%
68Los Angeles
91%
63New Orleans
90%
66San Diego
90%
80Honolulu
88%
65Jacksonville
88%
66Tucson
76%
63San Antonio
75%
68Riverside/San Bernardino
50%
75Cape Coral/Fort Myers
39%
73Sarasota/North Port
32%
68Deltona/Daytona Beach
28%
71McAllen
28%
73Melbourne/Palm Bay
26%
63Pensacola
19%
74Lakeland
17%
66Oxnard/Ventura
15%

Score Distribution

Percentile by Number Answered

Percent of People with Each Score

Your Score History

You have not taken this quiz